000 01602cam a2200373 a 4500
001 EDZ0000072025
003 StDuBDS
005 20161031105207.0
006 m||||||||d||||||||
007 cr |||||||||||
008 120412s2006 enk fo| 001|0|eng d
020 _a9781446215241 (ebook) :
_cNo price
040 _aStDuBDS
_beng
_cStDuBDS
_epn
049 _aAlfaisal Main Library
050 4 _aPR33
082 0 4 _a820.711
_223
100 1 _aChambers, Ellie.
245 1 0 _aTeaching & learning English literature
_h[electronic resource] /
_cEllie Chambers & Marshall Gregory.
260 _aLondon :
_bSAGE,
_c2006.
300 _a1 online resource (xii, 228 p.).
490 1 _aTeaching & learning the humanities in higher education
504 _aIncludes bibliographical references and index.
520 8 _aWritten for all teachers of English literature in higher education, this comprehensive overview explores the setting of teaching goals, syllabus planning, the assessment of students teacher evaluation and teacher improvement assessment and evaluation.
521 _aSpecialized.
588 _aDescription based on print version record.
650 0 _aEnglish literature
_xStudy and teaching (Higher)
655 7 _aElectronic books.
_2local
700 1 _aGregory, Marshall W.,
_d1940-2012.
710 2 _aSage eBooks
776 0 8 _iPrint version :
_z9780761941729
830 0 _aTeaching & learning the humanities in higher education.
856 4 0 _uhttp://ezproxy.alfaisal.edu/login?url=http://sk.sagepub.com/books/teaching-and-learning-english-literature
942 _2lcc
_cEBOOKS
999 _c481398
_d481398